00503nam a2200193 a 4500001001300000003000900013005001700022008004100039020002600080082001300106100002100119245004400140260003100184300000900215500003500224505001000259650001900269700002100288nice12345678IN_TiNIC20260116013218.0050524s1995 lona grp 000 0 eng  a185986X c551.3100a703bCAR aCarr Sarah, Gomm aHutchinson Dictionary of Symbols in Art aLondonbHelican Pub.c1995 a240p aincludes index and biblioraphy2 aIndex aArt-Dictionary1 aCarr Sarah, Gomm